000
00250nam a2200109Ia 4500
008
230907s9999||||xx |||||||||||||| ||und||
082
_a
6.22068
_b
SIN
100
_a
Sinclair, Bruce,
_9
115609
245
0
_a
IoT Inc :
300
_a
pages cm
942
_c
BK
999
_c
598952
_d
598952